|
|
|
|
| LEADER |
00000nam0a2200000 4500 |
| 001 |
313506 |
| 005 |
20231102002604.0 |
| 010 |
|
|
|a 9785891186323
|
| 035 |
|
|
|a (RuTPU)RU\TPU\book\338890
|
| 090 |
|
|
|a 313506
|
| 100 |
|
|
|a 20160127d2014 km y0rusy50 ca
|
| 101 |
0 |
|
|a rus
|
| 102 |
|
|
|a RU
|
| 105 |
|
|
|a a z 001zb
|
| 200 |
1 |
|
|a Николай Михайлович Федоровский (1886-1956). Жизнь и свершения
|f В. И. Кузьмин
|
| 210 |
|
|
|a Москва
|c ГЕОС
|d 2014
|
| 215 |
|
|
|a 200 с.
|c ил.
|
| 330 |
|
|
|a В книге дано развернутое биографическое описание жизни и многогранной деятельности видного организатора отечественной горной промышленности, крупного ученого геолога и минералога, члена-корреспондента Академии наук СССР, доктора геолого-минералогических наук, профессора Николая Михайловича Федоровского. Он создавал систему государственного управления горной промышленностью страны, участвовал в организации Горной академии в Москве, внес выдающийся вклад в реформирование архаичной системы мер и весов и провел повсеместное внедрение международной десятичной метрической системы. Вместе со своим учителем В.И. Вернадским он преобразовал минералогию, превратив ее из чисто описательного сухого раздела наук о Земле в отрасль природоведения, тесно связанную с решением проблем генезиса месторождений полезных ископаемых и с требованиями практического использования минерального сырья. Работами созданного Н.М. Федоровским Института минерального сырья (ВИМС) на основе комплексного решения задач выявления и промышленного использования полезных ископаемых в стране был создан ряд новых отраслей горно-перерабатывающей промышленности и прекращен импорт многих видов минерального сырья. В книге впервые освещена трагическая полоса в жизни Н.М. Федоровского, осужденного по клеветническому доносу и в течение 16 лет терпевшего лишения в лагерях ГУЛАГа. В приложении приведены все собранные к настоящему времени стихотворения Н.М. Федоровского, отражающие его стремление в поэтической форме описать геологические явления и передать свое отношение к окружающему миру.
|
| 600 |
|
1 |
|a Федоровский
|b Н. М.
|c российский минералог
|c основоположник прикладной минералогии
|f 1886-1956
|g Николай Михайлович
|2 stltpush
|3 (RuTPU)RU\TPU\pers\30367
|9 14712
|
| 606 |
1 |
|
|a Минералогия
|2 stltpush
|3 (RuTPU)RU\TPU\subj\43907
|9 63333
|
| 610 |
1 |
|
|a минералы
|
| 610 |
1 |
|
|a минералогические исследования
|
| 610 |
1 |
|
|a свойства
|
| 610 |
1 |
|
|a структура
|
| 610 |
1 |
|
|a происхождение
|
| 610 |
1 |
|
|a ученые
|
| 610 |
1 |
|
|a геология
|
| 610 |
1 |
|
|a породообразование
|
| 610 |
1 |
|
|a рудные минералы
|
| 610 |
1 |
|
|a поэзия
|
| 610 |
1 |
|
|a стихи
|
| 610 |
1 |
|
|a легенды
|
| 675 |
|
|
|a 549(092)
|v 3
|
| 700 |
|
1 |
|a Кузьмин
|b В. И.
|g Владимир Иванович
|
| 801 |
|
1 |
|a RU
|b 63413507
|c 20160127
|
| 801 |
|
2 |
|a RU
|b 63413507
|c 20160205
|g RCR
|
| 942 |
|
|
|c BK
|